Les plus grands déserts du monde - Statistiques

Statistiques générales
  • Ce quiz a été pris 8 989 fois
    7 316 depuis la dernière actualisation
  • Le résultat moyen est 4 sur 10
Réponses sur la Carte
Les réponses sont colorées sur une échelle allant du rouge au vert en fonction du pourcentage des utilisateurs qui les ont devinées à leur premier essai. Vous pouvez retrouver ces pourcentages ci-dessous.
 
Statistiques - réponses
km² Désert % Correct
9 000 000 Sahara
100%
14 000 000 Antarctique
87%
1 295 000 Désert de Gobi
76%
2 330 000 Désert d'Arabie
56%
900 000 Désert du Kalahari
36%
620 000 Patagonie
34%
520 000 Désert de Syrie
17%
424 000 Grand désert de Victoria
12%
450 000 Désert du Chihuahua
10%
492 000 Grand Bassin
7%
Aucun quiz correspondant
Distribution des résultats
% des personnes avec chaque résultat
Percentile par nombre de réponses
Votre historique - résultats
Vous n’avez pas pris ce quiz depuis la dernière actualisation